000 00908nam0a22002651 4500
001 v19\rc\1592579
005 20250618214749.0
035 _a(NLR Aleph) 004716773
090 _a4276398
_c4276398
100 _a20061002d1895 |||y0rusy50 ca
101 0 _arus
102 _aRU
105 _ay z |||a|
200 1 _aЖертва матери
_e(Пять жертв одной страсти)
_eРассказ из уголов. процесса
_f[Изд. Р.Ф. Л-ца]
210 _aСанкт-Петербург
_cтоварищ. эконом. типо-лит. Панфилова и Палибина
_d1895
215 _a60 с.
_d24
300 _aНа обл.: Новая кн.
702 1 _aЛ-ц
_bР.Ф.
_4650
801 0 _aRU
_bNLR
_gpsbo
801 0 _aRU
_bRuMoRGB
_2psbo
801 1 _aRU
_bProSoft-M
_2rusmarc
852 _aNLR
_j18.180.3.365
899 _aRuMoRGB
_jA 218/1631
942 _cBOOK
980 _aNB